000 00642nam a22002057a 4500
003 OSt
005 20150828095810.0
008 130627t xxu||||| |||| 00| 0 eng d
020 _a9719235039
050 _aPL 5509
_b.C284 2001
082 _aFIL 499.21
_bC19 2001
100 _aCarlos, Victoria P.
245 _aI'd like to speak Filipino :
_bintroduction to coversational filipino for non-filipinos /
_cVictoria P. Carlos.
260 _aPhilippines :
_bVictoria Carlos Publishing,
_c2001.
300 _avi, 108 pages :
_c23 cm.
_billustrations ;
650 _aFilipino.
942 _2lcc
_cBK
_kFIL
999 _c3209
_d3209